000 01774nam a2200181 i 4500
001 170708
003 ES-MaACL
005 20230906214435.0
008 090331s18631867sp |||| | spa d
080 _a94(460)
110 2 _aReal Academia de la Historia (España)
_96309
245 1 0 _aDiscursos leídos en las sesiones públicas que para dar posesión de plazas de número ha celebrado la Real Academia de la Historia,
_f1863-1867.
260 _aMadrid :
_b[s.n.],
_c1863 (
_fImp. de José Rodríguez)
300 _a1 v. ;
_c27 cm.
505 0 _aPeriplos ibéricos / José Oliver y Hurtado (55 p.). Contestación / Carlos Ramón Fort (p. 57-71). Reseña histórico-crítica de los historiadores arábigo españoles / José Moreno Nieto (42 p., 32 p. de apéndice). Contestación / Emilio Lafuente Alcántara (19 p.). Cortes / Antonio Alcalá Galiano (25 p.). Contestación / Antonio Benavides (p. 28-49). Sobre los caracteres de la Iglesia española / Fernando de Castro y Pajares (99 p.). Contestación / Manuel Colmeiro (p. 102-119). Reino de Pamplona / Manuel Oliver y Hurtado (126 p.). Historia del gran imperio colonial que por espacio de tres siglos poseyó España al otro lado del Atlántico / Jacobo de la Pezuela (52 p.). Contestación / Vicente de la Fuente (p.53-67). Noticias descriptivas de pueblos de Castilla, recogidas en la segunda mitad del siglo XVI / Fermín Caballero (64 p.). Contestación / Cayetano Rosell (p. 65-84). El Ministerio Fiscal / José María Huet (82 p.). Contestación / Antonio Benavides (p. 83-100). La idea del Imperio en el mundo antiguo y su influencia ulterior en la Península Ibérica / Francisco Fernández González (55 p.).
651 4 _aEspaña-
_xHistoria.
_98209
852 _aES-MaACL
_jK-118
_z- Enc. pasta española
999 _c170708
_d170708